| 000 | 00721nam a2200169 a 4500 | ||
|---|---|---|---|
| 001 | 000048727 | ||
| 005 | 20201002061348.0 | ||
| 008 | 190410s20uu dr 000 0 spa d | ||
| 040 |
_aDO-SdBNP _bspa _cBNPHU |
||
| 082 |
_axx _bxx |
||
| 245 | 0 | 0 |
_aMediación comunitaria y cultura de paz : _bproyecto cambiando vidas, promoviendo una cultura de paz y de autoahorro / _ceditor Jacinto Sención Mateo ; colaboradores Frank Milton Trinidad...[et. al]. |
| 260 |
_aSanto Domingo : _bCasa de la Juventud-Pastoral Juvenil y Muchachos y Muchachas con Don Bosco, _c[200-?]. |
||
| 300 |
_a48 p. ; _c22 cm. |
||
| 590 | _aInventariado, 2019/VM | ||
| 700 | 1 |
_aTrinidad, Frank Milton _976184 |
|
| 700 | 1 |
_aSención Mateo, Jacinto _eed. _976185 |
|
| 999 |
_c48215 _d48215 |
||